000
00300nam a22001217a 4500
005
20170829155021.0
008
170829b xxu||||| |||| 00| 0 eng d
022
_a
0972-5938
245
_a
Indian Journal of Traditional Knowledge
260
_a
Delhi
_b
NISCAIR
_c
2017
490
_a
Volume 16
942
_c
JRL
999
_c
5543
_d
5541